Words that start with "Men" - Statistics

General Stats
  • This quiz has been taken 39 times
  • The average score is 7 of 10
Answer Stats
Definition Answer % Correct
a list of dishes available to be served at a restaurant menu
97%
repair mend
92%
of or relating to the mind mental
92%
an experienced and trusted adviser mentor
74%
a person likely to cause harm menace
61%
inflamation of the membranes of the brain or spinal cord meningitis
61%
a speaking or notice of anything mention
61%
not requiring much skill, lacking prestige menial
58%
clothes for men menswear
53%
a group of men considered collectively menfolk
11%
No matching quizzes found
Score Distribution
Percent of People with Each Score
Percentile by Number Answered
Your Score History
You have not taken this quiz